Maradék késztermék kezelés fejlesztése a radargyártásban

Bibliográfiai részletek
Szerző: Bankos Zoltán Mihály
További közreműködők: Majoros Dr. Pál
Dokumentumtípus: Záródolgozat
Kulcsszavak:Készletgazdálkodás
Lean menedzsment
Termelésirányítás
Radar
Online Access:http://dolgozattar.uni-bge.hu/15521

MARC

LEADER 00000nta a2200000 i 4500
001 dolg15521
005 20200619125458.0
008 180507suuuu hu o 000 hun d
040 |a BGE Dolgozattár Repozitórium  |b hun 
041 |a hu 
100 1 |a Bankos Zoltán Mihály 
245 1 0 |a Maradék késztermék kezelés fejlesztése a radargyártásban  |c Bankos Zoltán Mihály  |h [elektronikus dokumentum] 
516 |a Final_paper 
695 |a Készletgazdálkodás 
695 |a Lean menedzsment 
695 |a Termelésirányítás 
695 |a Radar 
700 1 |a Majoros Dr. Pál  |e ths 
856 4 0 |u http://dolgozattar.uni-bge.hu/15521/1/Szakdolgozat.prn  |z Dokumentum-elérés 
856 4 0 |u http://dolgozattar.uni-bge.hu/15521/2/Bankos%20Z.%20biz.pdf  |z Dokumentum-elérés